Apologetico / (Record no. 110523)

MARC details
000 -LEADER
campo de control de longitud fija 00948nam a2200265 i 4500
001 - NÚMERO DE CONTROL
campo de control 110523
003 - IDENTIFICADOR DE NÚMERO DE CONTROL
campo de control ES-MaACL
005 - FECHA Y HORA DE LA ÚLTIMA TRANSACCIÓN
campo de control 20250831063037.0
007 - CAMPO FIJO DE DESCRIPCIÓN FÍSICA--INFORMACIÓN GENERAL
campo de control de longitud fija t|
008 - DATOS DE LONGITUD FIJA--INFORMACIÓN GENERAL
campo de control de longitud fija 070126s1972 it ||||1| ita d
080 ## - NÚMERO DE LA CLASIFICACIÓN DECIMAL UNIVERSAL
Número de la Clasificación Decimal Universal 239(02)"01"
100 1# - ENTRADA PRINCIPAL--NOMBRE DE PERSONA
Nombre de persona Tertuliano, Quinto Septimio Florente,
Fechas asociadas al nombre ca. 160-220
9 (RLIN) 109810
245 10 - MENCIÓN DEL TÍTULO
Título Apologetico /
Mención de responsabilidad, etc. Tertulliano ; traduzione di Ernesto Buonaiuti ; introduzione, revisione e commento di Ettore Paratore.
250 ## - MENCION DE EDICION
Mención de edición 1ª ed.
260 ## - PUBLICACIÓN, DISTRIBUCIÓN, ETC.
Lugar de publicación, distribución, etc. Bari :
Nombre del editor, distribuidor, etc. Laterza,
Fecha de publicación, distribución, etc. 1972.
300 ## - DESCRIPCIÓN FÍSICA
Extensión 273 p. ;
Dimensiones 18 cm.
490 1# - MENCIÓN DE SERIE
Mención de serie Piccola biblioteca filosofica Laterza ;
Designación de volumen o secuencia 77
500 ## - NOTA GENERAL
Nota general Biblioteca Jacinto Martínez Lacalle.
600 14 - PUNTO DE ACCESO ADICIONAL DE MATERIA--NOMBRE DE PERSONA
Nombre de persona Buonaiuti, Ernesto.
9 (RLIN) 32565
600 14 - PUNTO DE ACCESO ADICIONAL DE MATERIA--NOMBRE DE PERSONA
Nombre de persona Paratore, Ettore.
9 (RLIN) 88939
650 14 - PUNTO DE ACCESO ADICIONAL DE MATERIA--TÉRMINO DE MATERIA
Término de materia o nombre geográfico como elemento de entrada Apologética-
Subdivisión de forma Obras anteriores a 1800.
9 (RLIN) 9922
830 0# - PUNTO DE ACCESO ADICIONAL DE SERIE-TÍTULO UNIFORME
Título uniforme Piccola biblioteca filosofica Laterza ;
Designación de volumen o secuencia 77
9 (RLIN) 184914
852 ## - LOCALIZACIÓN
Ubicación ES-MaACL
Número de control de estantería E-11578
Sublocalización o colección R.139576
Holdings
Estatus retirado Estado de pérdida Estado de daño No para préstamo Biblioteca de origen Biblioteca actual Ubicación en estantería Fecha de adquisición Fuente de adquisición Total de préstamos Signatura topográfica completa Código de barras Visto por última vez Precio de reemplazo Tipo de ítem Koha
        Biblioteca del Ateneo de Madrid Biblioteca del Ateneo de Madrid Depósito 2 17/01/2008     E-11578 1115313 23/02/2023 23/02/2023 Libro impreso